Từ điển Việt Thái
Đã lưu trong:
| Príomhúdar: | |
|---|---|
| Formáid: | Leabhar |
| Teanga: | Undetermined |
| Foilsithe: |
Thành phố Hồ Chí Minh
Tổng hợp thành phố Hồ Chí Minh
2013
|
| Ábhair: | |
| Clibeanna: |
Cuir Clib Leis
Gan Chlibeanna, Bí ar an gcéad duine leis an taifead seo a chlibeáil!
|
| Thư viện lưu trữ: | Trung tâm Học liệu Trường Đại học Cần Thơ |
|---|
| LEADER | 00661nam a2200205Ia 4500 | ||
|---|---|---|---|
| 001 | CTU_193133 | ||
| 008 | 210402s9999 xx 000 0 und d | ||
| 020 | |c 260000 | ||
| 082 | |a 495.922395911 | ||
| 082 | |b M312 | ||
| 100 | |a Phạm, Quang Minh | ||
| 245 | 0 | |a Từ điển Việt Thái | |
| 245 | 0 | |c Phạm Quang Minh | |
| 260 | |a Thành phố Hồ Chí Minh | ||
| 260 | |b Tổng hợp thành phố Hồ Chí Minh | ||
| 260 | |c 2013 | ||
| 650 | |a Vietnamese language,Thai language,Từ diển Việt Thái | ||
| 650 | |x Dictionaries,Dictionaries | ||
| 910 | |a Hải | ||
| 980 | |a Trung tâm Học liệu Trường Đại học Cần Thơ | ||